Snatok mahalar rajnaitik tatta aru Plato,Aristotel rajnaitik darsan (Record no. 305)

MARC details
000 -LEADER
fixed length control field 00579cam a2200193ua 4500
008 - FIXED-LENGTH DATA ELEMENTS--GENERAL INFORMATION
fixed length control field 110330n ii |||gr||||Z||||||asm
040 ## - CATALOGING SOURCE
Transcribing agency MAIN
082 ## - DEWEY DECIMAL CLASSIFICATION NUMBER
Classification number 320.5
245 1# - TITLE STATEMENT
Title Snatok mahalar rajnaitik tatta aru Plato,Aristotel rajnaitik darsan
Statement of responsibility, etc. by Jyogeswar Borah
250 ## - EDITION STATEMENT
Edition statement 2nd.
260 ## - PUBLICATION, DISTRIBUTION, ETC.
Place of publication, distribution, etc. Jorhat:
Name of publisher, distributor, etc. Bidyabhawan,
Date of publication, distribution, etc. 2009.
300 ## - PHYSICAL DESCRIPTION
Extent 411p:
Dimensions 25cm.
700 ## - ADDED ENTRY--PERSONAL NAME
Personal name Borah, Jyogeswar. ,
Relator term
942 ## - ADDED ENTRY ELEMENTS (KOHA)
Koha item type Books
653 ## - INDEX TERM--UNCONTROLLED
Uncontrolled term Political science
653 ## - INDEX TERM--UNCONTROLLED
Uncontrolled term Political theory
653 ## - INDEX TERM--UNCONTROLLED
Uncontrolled term Snatak mahalar rajnaitik tattwa aru Plato-Aristotelor rajnaitik darsan
Holdings
Withdrawn status Lost status Damaged status Not for loan Home library Current library Shelving location Date acquired Total Checkouts Full call number Barcode Date last seen Date last checked out Copy number Price effective from Koha item type
        Central Library, Naharkatiya College Central Library, Naharkatiya College   19/09/2020 3 320.5 | BOR 18572 15/03/2022 09/02/2022 3 19/09/2020 Books
        Central Library, Naharkatiya College Central Library, Naharkatiya College   19/09/2020 7 320.5 | BOR 18574 30/10/2023 19/10/2023 1 19/09/2020 Books
        Central Library, Naharkatiya College Central Library, Naharkatiya College   19/09/2020 2 320.5 | BOR 18575 04/02/2023 18/08/2022 2 19/09/2020 Books

Naharkatiya College © 2020. All rights reserved.

Powered By